<?xml version="1.0" encoding="UTF-8"?>
<collection xmlns="http://www.loc.gov/MARC21/slim">
 <record>
  <leader>00444pamaa2200157   4500</leader>
  <controlfield tag="001">0000029745</controlfield>
  <controlfield tag="005">20050929090000.0</controlfield>
  <datafield tag="020" ind1="0" ind2="0">
   <subfield code="a">1578701678 </subfield>
  </datafield>
  <datafield tag="082" ind1=" " ind2=" ">
   <subfield code="a">006.3 CCI</subfield>
  </datafield>
  <datafield tag="090" ind1="0" ind2="0">
   <subfield code="a">TK5105.5 </subfield>
   <subfield code="b">CCI 2000</subfield>
  </datafield>
  <datafield tag="110" ind1="1" ind2="0">
   <subfield code="a">CISCO SYSTEMS INC.</subfield>
  </datafield>
  <datafield tag="245" ind1="1" ind2="0">
   <subfield code="a">CCIE Fundamentals : </subfield>
   <subfield code="b">network design and case studies  </subfield>
   <subfield code="c">Cisco Systems, Inc.</subfield>
  </datafield>
  <datafield tag="250" ind1="0" ind2="0">
   <subfield code="a">2nd ed.</subfield>
  </datafield>
  <datafield tag="260" ind1="0" ind2="0">
   <subfield code="a">Indianapolis: </subfield>
   <subfield code="b">Cisco Press, </subfield>
   <subfield code="c">2000.</subfield>
  </datafield>
  <datafield tag="300" ind1=" " ind2=" ">
   <subfield code="a">xxxii, 1020p.; </subfield>
   <subfield code="c">24cm.</subfield>
  </datafield>
  <datafield tag="650" ind1="0" ind2="0">
   <subfield code="a">Network design </subfield>
  </datafield>
 </record>
</collection>
